000 00350nam a2200133Ia 4500
008 240624s9999 xx 000 0 und d
041 _aeng
082 _a658.403801 DE
100 _aDE RAHUL
245 _aMIS MANAGING INFORMATION SYSTEMS IN BUSINESS GOVERNMENT N
260 _c2012
_aNew Delhi
_bWiley India
300 _a528 : p.
365 _cRS
_b31
999 _c21417
_d21417